| 000 | 004820000a22001930004500 | ||
|---|---|---|---|
| 001 | 004563 | ||
| 003 | MACL | ||
| 005 | 20150910120543.0 | ||
| 008 | 150910b xxu||||| |||| 00| 0 eng d | ||
| 040 |
_aMACL _cMACL |
||
| 041 | _aEnglish | ||
| 082 | _a821/ROY | ||
| 100 |
_aRoy, R.N. _98489 |
||
| 245 |
_aIn Quest Of The Infinite _cR.N. Roy |
||
| 260 |
_aNagpur _c1998 _bRoy Publishers & Distributers, |
||
| 350 | _a105 | ||
| 650 |
_aEnglish Literature _99779 |
||
| 942 |
_k821 _cBK _2ddc |
||
| 999 |
_c16452 _d16452 |
||